LIBRARY ONLINE CATALOGUE

PMP Project management professional study guide / (Record no. 7256)

MARC details
000 -LEADER
fixed length control field 00643nam a22002052 4500
001 - CONTROL NUMBER
control field 0000006285
005 - DATE AND TIME OF LATEST TRANSACTION
control field 20151217152016.0
008 - FIXED-LENGTH DATA ELEMENTS--GENERAL INFORMATION
fixed length control field 071012s xx 000 0 eng d
020 ## - INTERNATIONAL STANDARD BOOK NUMBER
International Standard Book Number 0070619301 :
Terms of availability KES 4760
040 ## - CATALOGING SOURCE
Original cataloging agency KABU
Transcribing agency KABU
100 1# - MAIN ENTRY--PERSONAL NAME
Personal name Phillips, Joseph.
-- 0000154261
245 10 - TITLE STATEMENT
Title PMP Project management professional study guide /
Statement of responsibility, etc. Joseph Phillips.
250 ## - EDITION STATEMENT
Edition statement 2nd ed.
260 ## - PUBLICATION, DISTRIBUTION, ETC. (IMPRINT)
Place of publication, distribution, etc. New Delhi :
Name of publisher, distributor, etc. Tat McGraw-Hill,
Date of publication, distribution, etc. 2006.
300 ## - PHYSICAL DESCRIPTION
Extent xxix, 591 p. +
Accompanying material 1 cd-rom.
650 #0 - SUBJECT ADDED ENTRY--TOPICAL TERM
Topical term or geographic name as entry element Project management
General subdivision Study guide.
-- 0000157697
908 ## - PUT COMMAND PARAMETER (RLIN)
Put command parameter 071012
950 ## - LOCAL HOLDINGS (RLIN)
-- 1
Holdings
Withdrawn status Lost status Source of classification or shelving scheme Not for loan Home library Current library Date acquired Total Checkouts Full call number Barcode Date last seen Price effective from Koha item type
    Library of Congress Classification   Kabarak, Main Campus Kabarak, Main Campus 17/12/2015   HD69 .P75P45 2006 002186 02/08/2024 17/12/2015 General Collection